000 00242 a2200097 4500
001 52516
100 _aTaylor J W R
245 _aJane's All The World Aircraft (1982-1983)
260 _aNew York
_bJane's Publishers
_c
090 _c33003
_d33003
942 _aNUST-CAE
_cM
_c25563
999 _c287589
_d287589